000 00926nam a2200241 u 4500
001 000004792
005 20240422195705.0
008 090727s2004 dr r 000 0 spa d
040 _aDO-SdBNP
_bspa
_cBNPHU
082 _a347.077
_bY53c
100 1 _aYnoa Jaime, Máximo de Jesús,
_d1967-
_913923
245 1 0 _aCompendio de las vías de ejecución /
_cMáximo de Js. Ynoa Jaime ; prólogo Luis José Bourget.
260 _aSanto Domingo :
_bCumbre,
_c2004.
300 _a211 p. ;
_c21 cm.
500 _aIncluye datos bibliográficos del autor en la contraportada.
504 _aBibliografía : p. 209-211.
590 _aInventariado, 2018/BT
650 4 _aEjecución (derecho civil)
_zRepública Dominicana
_913924
650 4 _aEjecución de embargo y apropiación de fondos
_913925
650 0 _aProcedimiento civil
_913926
700 1 _aBourget, Luis José,
_epról.
_913927
910 _aValidado. Control de calidad. EMS
999 _c4598
_d4598